000 00219 a2200109 4500
020 _a9781472378354
041 _aspa
100 _aWise Brown, Margaret
245 _aEl Globo Aventurero
942 _cBK
999 _c19107
_d19107
999 _d19107